5HLuxD.jpg

KING HENRY VIII SENIOR AND PRIMARY SCHOOL LIBRARY OPAC

Awful auntie / (Record no. 2095)

000 -LEADER
fixed length control field 01118cam a2200265 a 4500
001 - CONTROL NUMBER
control field (Sirsi) a1002598
003 - CONTROL NUMBER IDENTIFIER
control field OSt
005 - DATE AND TIME OF LATEST TRANSACTION
control field 20230306141047.0
008 - FIXED-LENGTH DATA ELEMENTS--GENERAL INFORMATION
fixed length control field 151027r20162014enkab c 000 0 eng
015 ## - NATIONAL BIBLIOGRAPHY NUMBER
National bibliography number GBB5F6471
Source bnb
020 ## - INTERNATIONAL STANDARD BOOK NUMBER
International Standard Book Number 9780007453627
Qualifying information (pbk.) :
040 ## - CATALOGING SOURCE
Original cataloging agency StDuBDS
Language of cataloging eng
Transcribing agency StDuBDS
Modifying agency TAE
-- KH8
042 ## - AUTHENTICATION CODE
Authentication code nbic
082 0# - DEWEY DECIMAL CLASSIFICATION NUMBER
Classification number 823.92 WAL
100 1# - MAIN ENTRY--PERSONAL NAME
Personal name Walliams, David,
Dates associated with a name 1971-
Relator term author
245 10 - TITLE STATEMENT
Title Awful auntie /
Statement of responsibility, etc. David Walliams ; illustrated by Tony Ross.
260 ## - PUBLICATION, DISTRIBUTION, ETC.
Place of publication, distribution, etc. London :
Name of publisher, distributor, etc. HarperCollins Children's Books,
Date of publication, distribution, etc. 2016.
300 ## - PHYSICAL DESCRIPTION
Extent 410 p. :
Other physical details ill. (black and white), map (black and white) ;
Dimensions 20 cm.
500 ## - GENERAL NOTE
General note Originally published: 2014.
520 ## - SUMMARY, ETC.
Summary, etc. From number one bestselling author David Walliams comes another heartfelt but hilarious hoot of an adventure Stella Saxby is the sole heir to Saxby Hall. But awful Aunt Alberta and her giant owl will stop at nothing to get it from her. Luckily Stella has a secret - and slightly spooky - weapon up her sleeve.
521 1# - TARGET AUDIENCE NOTE
Target audience note Ages 9 and up.
650 ## - SUBJECT ADDED ENTRY--TOPICAL TERM
Topical term or geographic name entry element Children's story
700 1# - ADDED ENTRY--PERSONAL NAME
Personal name Ross, Tony.
Relator term Illustrator
942 ## - ADDED ENTRY ELEMENTS (KOHA)
Source of classification or shelving scheme
Koha item type Books - Non Ficton
Holdings
Withdrawn status Lost status Source of classification or shelving scheme Damaged status Not for loan Collection code Permanent Location Current Location Shelving location Date acquired Total Checkouts Full call number Barcode Date due Date last seen Date last checked out Price effective from Koha item type Public note
          Non-Fiction KH8 Primary School Library KH8 Primary School Library Non Fiction 2023-03-06 1 823.92 WAL KHPL000003836 2023-06-27 2023-06-16 2023-06-16 2023-03-06 Books - Non Ficton  
          Fiction KH8 Primary School Library KH8 Primary School Library Fiction 2025-03-25 1 823.92 WAL KHPL000006706   2026-03-18 2026-03-04 2025-03-25 Books - Non Ficton KH8 PRIMARY LIBRARY

Powered By KH8 IT Dept